00620 a2200157 45000010006000000050017000060080041000230030015000640400040000790800046001192450035001652640038002003000019002385050182002571000023004393683920260407155640.0260407a1976 arg spa dAR-UNSa-BCEJYS aAR-UNSa-BCEJYSbspacAR-UNSa-BCEJYS a658.51xOrganización de la producción10aProducciónpestudio de casos 1aBuenos Aires :bEl Coloquioc1976 a348 p.c21 cm. a1. Organización - 2. Evaluación de proyectos - 3. Procesos productivos - 4. Lay - out movimiento de materiales - 5. Planeamiento - 6. Programación - 7. Gestión de stocks1 aRusinek, Juan Jose